| 000 | 00473nam a2200181Ia 4500 | ||
|---|---|---|---|
| 008 | 230917s9999||||xx |||||||||||||| ||und|| | ||
| 020 | _cRS860 | ||
| 040 |
_e251593 _aMAIN |
||
| 041 | _aEnglish | ||
| 082 | _a300.72 B846S(4) | ||
| 100 | _aBryman, Alan | ||
| 245 | 0 | _aSocial research methods | |
| 250 | _a4th ed. | ||
| 260 |
_aOxford _bOxford University Press _c2012 |
||
| 300 | _axv, 600 p. | ||
| 500 | _a3324 26/11/2018 HBD18/7560 30/11/2018 IHTM (SFS) | ||
| 942 | _cBK | ||
| 999 |
_c28985 _d28985 |
||